Представление документа в формате MARC21

Поле Инд. ПП Название Значение
Тип записи a
Библиографический уровень s
001 Контрольный номер UNIDUBNAb0de863b57d642e1bd16310f1f60b20a
005 Дата корректировки 20260225152941.0
022 0_ a ISSN 2541-8122 (online); 2542-0267 (print)
084 a Индекс другой классификации/Индекс ББК 76.024.712.11
084 a Индекс другой классификации/Индекс ББК 72.52
090 a Полочн. индекс Сводное описание журнала
245 10 a Заглавие Научный редактор и издатель
b Продолж. заглавия научно-практический журнал
c Ответственность учредитель: Ассоциация научных редакторов и издателей Российской Федерации ; гл. ред. О.В. Кириллова
246 01 a Другая форма заглавия Science Editor and Publisher
b Сведения, относящиеся к заглавию Scientific and Practical Journal
260 a Место издания Москва
b Издательство Ассоциация научных редакторов и издателей
300 a Объем 125 с.
310 a Периодичность в н.в. 2 раза в год
362 1_ a Даты публикации или номер тома 2016 -
500 a Примечание Журнал основан в 2015 г., впервые вышел в 2016 г.
520 0_ a Аннотация Научный журнал, посвященный вопросам редактирования, издания, распространения, продвижения и применения научной литературы и информации, а также другим аспектам, связанным с изданием и функционированием научных журналов. Нацелен на предоставление методической, информационной, аналитической и исследовательской поддержки научным редакторам, учредителям журналов и научным издательствам. Ставит задачу повысить видимость российских научных публикаций в отечественной и международной профессиональной среде, содействовать развитию научной коммуникации
540 a Правовые условия Открытый доступ
b Поставщик/Провайдер Ассоциация научных редакторов и издателей Российской Федерации
c Источник права лицензия Creative Commons
650 04 a Основная рубрика наука
a Основная рубрика научно-исследовательская деятельность
a Основная рубрика периодическая печать
653 0_ a Ключевые слова издательское дело
a Ключевые слова наукометрия
a Ключевые слова научная коммуникация
a Ключевые слова научное редактирование
a Ключевые слова научные журналы
a Ключевые слова научные публикации
a Ключевые слова публикационная этика
856 40 a Имя сервера/домена Научный редактор и издатель
u URL https://www.scieditor.ru/jour
y Справочный текст Электронная версия
z Примечание для пользователя Архив с 2016 г. по настоящее время
d Путь https://www.scieditor.ru/jour
i Указания/сценарий входа Открытый доступ
900 a Имя электронного ресурса obl_nautshnyi_redaktor
x Справочная информация Обложка
901 t Тип документа u